Athletes With the Most Olympic Golds in History - Statistics

General Stats
  • This quiz has been taken 640 times
  • The average score is 3 of 20
Answer Stats
Gold medals won Answer % Correct
23 Michael Phelps
96%
8 Usain Bolt
67%
9 Mark Spitz
41%
9 Carl Lewis
37%
9 Paavo Nurmi
8%
9 Larisa Latynina
7%
8 Ole Einar Bjørndalen
6%
8 Birgit Fischer
5%
8 Jenny Thompson
5%
8 Marit Bjørgen
5%
8 Bjørn Dæhlie
4%
8 Matt Biondi
4%
7 Isabell Werth
2%
7 Nikolai Andrianov
2%
8 Ray Ewry
2%
8 Sawao Kato
2%
7 Věra Čáslavská
2%
7 Aladár Gerevich
1%
7 Boris Shakhlin
1%
7 Viktor Chukarin
1%
No matching quizzes found
Score Distribution
Percent of People with Each Score
Percentile by Number Answered
Your Score History
You have not taken this quiz